Normal view MARC view

Entry Topical Term

Number of records used in: 1

001 - CONTROL NUMBER

  • control field: 41338

003 - CONTROL NUMBER IDENTIFIER

  • control field: OSt

005 - DATE AND TIME OF LATEST TRANSACTION

  • control field: 20231030115420.0

008 - FIXED-LENGTH DATA ELEMENTS

  • fixed length control field: 231030|| aca||aabn | a|a d

040 ## - CATALOGING SOURCE

  • Original cataloging agency: OSt
  • Transcribing agency: OSt

150 ## - HEADING--TOPICAL TERM

  • Topical term or geographic name entry element: Natural disasters, DRR (Disaster risk reduction), Governance, ASDMA, District administration, Community participation, Assam.

670 ## - SOURCE DATA FOUND

  • Source citation: Work cat.: (OSt): Gupta, Bhawna and Hazarika, Dikumoni 41337, Disaster risk reduction governance in Assam: A study

Powered by Koha